000 00263nam a22000977a 4500
008 230919b |||||||| |||| 00| 0 eng d
020 _a9789389823950
100 _aKIBUISHI KAZU
_97631
245 _aAMULET-5 (PRINCE OF THE ELVES)
260 _aNEWYORK
_bSCHOLASTIC
_c2008
999 _c12417
_d12417